| 000 | 01140nmc a2200397 a 4500 | ||
|---|---|---|---|
| 003 | AR-BaBNM | ||
| 005 | 20251128210803.0 | ||
| 008 | 106020s2005 ||||||||||||||000 | spa|| | ||
| 020 | _a84-95294-82-6 | ||
| 040 | _cAR-BaBNM | ||
| 245 | 1 | 0 |
_aTrayectorias nupciales, familias ocultas _bBuenos Aires, entresiglos |
| 250 | _a1ª ed. | ||
| 260 |
_aBuenos Aires _c2005 _bCiepp _bMiño y Dávila Editores |
||
| 300 | 0 | _a327 p. | |
| 490 | 0 | _aPolíticas públicas | |
| 650 | 4 | _aFAMILIA | |
| 650 | 4 | _aMUJERES | |
| 650 | 4 | _aDIVORCIO | |
| 650 | 4 | _aJEFES DE FAMILIA | |
| 650 | 4 | _aESTADO CIVIL | |
| 650 | 4 | _aMATRIMONIO | |
| 651 | 4 | _aBuenos Aires [Capital Federal] | |
| 651 | 4 | _aMontevideo | |
| 700 | 1 |
_aTorrado, Susana _edirector |
|
| 700 | 1 | _aAriño, Mabel | |
| 700 | 1 | _aCabella, Wanda | |
| 700 | 1 | _aPeri, Andrés | |
| 700 | 1 | _aRaimondi, Mónica | |
| 700 | 1 | _aSantillán, María Marta | |
| 700 | 1 | _aStreet, María Constanza | |
| 800 | 1 | _aBarbeito, Alberto C. | |
| 800 | 1 | _aLo Vuolo, Rubén | |
| 810 | 2 |
_aCentro Interdisciplinario para el Estudio de Políticas Públicas _9CIEPP |
|
| 942 | _cBK | ||
| 998 | _cme-solo cat | ||
| 999 |
_c16902 _d16902 |
||